| 000 | 01537nam a2200301Ia 4500 | ||
|---|---|---|---|
| 003 | OSt | ||
| 005 | 20201015164501.0 | ||
| 008 | 191128s2014 ck ad gr 000 0 spa d | ||
| 020 | _a9789587622553 | ||
| 040 |
_aCO-JMCR _cCO-JMCR |
||
| 041 | 0 | _aspa | |
| 082 | 0 | 4 |
_a658.4012 / _bI719c _223 |
| 100 | 1 |
_aIsaza Serrano, Alejandro Tadeo, _eautor _911607 |
|
| 245 | 1 | 0 |
_aControl interno y sistema de gestión de calidad : _bguía para su implantación en empresas públicas y privadas / _cAlejandro Tadeo Isaza Serrano |
| 250 | _aSegunda edición | ||
| 260 |
_aBogotá : _bEdiciones de la U, _c2014. |
||
| 300 |
_a289 páginas : _bdiagramas, gráficos a blanco blanco y negro ; _c24 cm. |
||
| 500 | _aIncluye notas a pie de páginas. Incluye datos biográficos del autor en contraportada. | ||
| 504 | _aIncluye cibergrafía: página 289. | ||
| 505 | 0 | _aComponentes de un sistema de control interno -- MECI -- Sistema de gestión de calidad -- Implantación de un sistema de control interno y un sistema de gestión de calidad en una empresa pública o privada -- | |
| 520 | 0 | _aPermite identificar con claridad la implantación, desarrollo y evaluación de los componentes de un sistema de control interno y de gestión de calidad para manejo empresarial y/o certificación de una empresa del sector público o privado. | |
| 650 | 2 | 4 |
_aControl de calidad _911331 |
| 650 | 2 | 4 |
_aControl interno _99227 |
| 650 | 2 | 4 |
_aContabilidad _97829 |
| 650 | 2 | 4 |
_aCalidad _911608 |
| 650 | 2 | 4 |
_aAuditoría administrativa _911609 |
| 942 |
_2ddc _cBK |
||
| 999 |
_c4761 _d4761 |
||